[Event "301st YMCA Spring B"]
[Site "Warsaw"]
[Date "2025.04.25"]
[Round "1"]
[White "Pietrzak, Wojciech"]
[Black "Kania, Tomasz"]
[Result "1/2-1/2"]
[WhiteElo "1849"]
[BlackElo "1787"]
[PlyCount "49"]
[EventDate "2025.04.24"]
[EventType "tourn"]
[EventRounds "1"]
[EventCountry "POL"]
[SourceDate "2025.04.24"]

1. e4 c5 2. Nc3 Nc6 3. Bb5 Nd4 4. Nf3 a6 5. Bd3 g6 6. O-O Bg7 7. Re1 d6 8. h3
Nxf3+ 9. Qxf3 Nf6 10. Rb1 Nd7 11. Bf1 O-O 12. b4 Ne5 13. Qd1 cxb4 14. Rxb4 Nc6
15. Rb1 Qa5 16. Nd5 b5 17. c4 Rb8 18. Bb2 Bd7 19. Re3 Bxb2 $11 20. Rxb2 bxc4
21. Rc2 Be6 22. Bxc4 Bxd5 23. exd5 Nb4 24. Rb2 Nxd5 25. Reb3 $11 1/2-1/2

[Event "301st YMCA Spring B"]
[Site "Warsaw"]
[Date "2025.04.24"]
[Round "1"]
[White "Kurowski, Andrzej"]
[Black "Emmel, Bartosz"]
[Result "1/2-1/2"]
[WhiteElo "1763"]
[BlackElo "1815"]
[PlyCount "74"]
[EventDate "2025.04.24"]
[EventType "tourn"]
[EventRounds "1"]
[EventCountry "POL"]
[SourceDate "2025.04.24"]

1. d4 Nf6 2. c4 c5 3. d5 d6 4. Nc3 g6 5. e4 Bg7 6. Be2 O-O 7. Nf3 e6 8. Bg5
exd5 9. Nxd5 Re8 10. Qc2 Bg4 11. O-O Nc6 12. Rad1 Bxf3 13. Bxf3 Nd4 14. Qd2 h6
15. Bxh6 Nxe4 16. Bxe4 Rxe4 17. Bxg7 Kxg7 18. Rfe1 Rxe1+ 19. Rxe1 Qh4 20. Qe3
Rh8 21. Qg3 Nf5 22. Qc3+ Nd4 23. Qg3 Qd8 24. Qe3 Rh5 25. Qe7 Qxe7 26. Rxe7 Re5
27. Rxe5 $11 dxe5 28. Kf1 f5 29. Ke1 Kf7 30. Kd2 g5 31. Ke3 e4 32. g4 Ke6 33.
gxf5+ Kxf5 34. Nc3 Nc2+ 35. Kd2 Nb4 36. Ke3 Nc2+ 37. Kd2 Nb4 1/2-1/2

[Event "301st YMCA Spring B"]
[Site "Warsaw"]
[Date "2025.04.24"]
[Round "1"]
[White "Kepa, Wojciech"]
[Black "Zajaczkowski, Lukasz"]
[Result "0-1"]
[WhiteElo "1760"]
[BlackElo "1750"]
[PlyCount "60"]
[EventDate "2025.04.24"]
[EventType "tourn"]
[EventRounds "1"]
[EventCountry "POL"]
[SourceDate "2025.04.24"]

1. e4 c5 2. Nf3 e6 3. d4 cxd4 4. Nxd4 a6 5. Be3 Nf6 6. Bd3 Nc6 7. O-O Qc7 8.
Nd2 Ne5 9. f4 Neg4 10. Qf3 Nxe3 11. Qxe3 Bc5 12. N2b3 Ba7 13. Kh1 d6 14. Qg3 g6
15. Rae1 Bd7 16. Qg5 Ng8 17. f5 e5 18. fxg6 hxg6 19. Nf5 Bxf5 20. exf5 Rh5 21.
Qg4 Nf6 22. Qa4+ b5 23. Bxb5+ axb5 24. Qxb5+ Ke7 25. fxg6 fxg6 26. Qd3 Rah8 27.
h3 Qc6 28. Nd4 Rxh3+ 29. Kg1 Rxd3 30. cxd3 Bxd4+ 0-1

[Event "301st YMCA Spring B"]
[Site "Warsaw"]
[Date "2025.04.24"]
[Round "1"]
[White "Bobinski, Lukasz"]
[Black "Pichurko, Jakub"]
[Result "0-1"]
[WhiteElo "1854"]
[BlackElo "1726"]
[PlyCount "52"]
[EventDate "2025.04.24"]
[EventType "tourn"]
[EventRounds "1"]
[EventCountry "POL"]
[SourceDate "2025.04.24"]

1. d4 d5 2. Nf3 Nf6 3. c4 e6 4. g3 Bb4+ 5. Bd2 Be7 6. Bg2 O-O 7. Qc2 c6 8. O-O
b6 9. Bc3 Ne4 10. Nbd2 Nxc3 11. Qxc3 Bb7 12. Rfd1 Na6 13. e4 Rc8 14. e5 c5 15.
Qe3 Nb4 16. Rac1 dxc4 $11 17. Nxc4 Bxf3 18. Qxf3 cxd4 $11 19. a3 Bg5 20. Ra1
Nc2 21. Rac1 Rxc4 22. Qd3 Qc7 23. f4 Be7 24. Be4 Ne3 25. Bxh7+ Kh8 26. Qe2 Kxh7
0-1

[Event "301st YMCA Spring B"]
[Site "Warsaw"]
[Date "2025.04.24"]
[Round "1"]
[White "Pettersson , Alexander"]
[Black "Kasperski, Marcin"]
[Result "1/2-1/2"]
[WhiteElo "1837"]
[BlackElo "1707"]
[PlyCount "83"]
[EventDate "2025.04.24"]
[EventType "tourn"]
[EventRounds "1"]
[EventCountry "POL"]
[SourceDate "2025.04.24"]

1. d4 Nf6 2. Nf3 g6 3. Nc3 d5 4. Bf4 c6 5. e3 Bg4 6. Be2 Nbd7 7. h3 Bxf3 8.
Bxf3 Bg7 9. O-O O-O 10. a4 Re8 11. Ra3 e5 12. Bg3 exd4 13. exd4 Ne4 14. Nxe4
dxe4 15. Be2 Nf8 16. Rb3 b6 17. c3 Qg5 18. Qc1 Qxc1 19. Rxc1 Nd7 20. Ba6 Re6
21. Bc4 Ree8 22. Ra3 Nf6 23. Re1 Nd5 24. Raa1 Rad8 25. Re2 Bh6 26. Rae1 f5 27.
Be5 Kf8 28. g3 Bg7 29. Bxg7+ Kxg7 30. Bb3 a5 31. Bc2 Nf6 32. Kg2 h5 33. f3
exf3+ 34. Kxf3 Rxe2 35. Rxe2 Re8 36. Rxe8 Nxe8 37. h4 Kf6 38. Kf4 Nd6 39. Bd3
Nf7 40. c4 c5 41. d5 Nd6 42. b3 $11 1/2-1/2

[Event "301st YMCA Spring B"]
[Site "Warsaw"]
[Date "2025.05.07"]
[Round "2"]
[White "Pichurko, Jakub"]
[Black "Pettersson , Alexander"]
[Result "0-1"]
[WhiteElo "1726"]
[BlackElo "1837"]
[PlyCount "50"]
[EventDate "2025.04.24"]
[EventType "tourn"]
[EventRounds "1"]
[EventCountry "POL"]
[SourceDate "2025.04.24"]

1. d4 d5 2. Nf3 Nf6 3. e3 e6 4. Bd3 Bd6 5. O-O c5 6. b3 Nc6 7. Nbd2 O-O 8. Bb2
Qc7 9. dxc5 Bxc5 10. Bxf6 gxf6 11. c4 dxc4 12. Bxc4 Rd8 13. Rc1 Ba3 14. Rc3 Ne5
$11 15. Nxe5 Qxe5 16. Rd3 Rxd3 17. Bxd3 Be7 18. Qg4+ Qg5 19. Qh3 f5 20. Rc1 Bd7
21. Be2 Bc6 22. Bf3 Rd8 23. Nc4 Bxf3 24. Qxf3 Qg4 25. Qxb7 Rd1+ 0-1

[Event "301st YMCA Spring B"]
[Site "Warsaw"]
[Date "2025.05.13"]
[Round "2"]
[White "Zajaczkowski, Lukasz"]
[Black "Bobinski, Lukasz"]
[Result "0-1"]
[WhiteElo "1750"]
[BlackElo "1854"]
[PlyCount "112"]
[EventDate "2025.04.24"]
[EventType "tourn"]
[EventRounds "1"]
[EventCountry "POL"]
[SourceDate "2025.04.24"]

1. c4 Nf6 2. Nc3 g6 3. g3 Bg7 4. Bg2 O-O 5. d3 d6 6. Nf3 e5 7. O-O c5 8. Rb1
Nc6 9. a3 a5 10. h3 h6 11. Ne1 Be6 12. Nd5 Bxd5 13. cxd5 Ne7 14. Qb3 Qd7 15. a4
Ne8 16. Nc2 Nf5 17. e4 Nd4 18. Nxd4 cxd4 19. Qa2 Nc7 20. b3 Na6 21. Ba3 Rfc8
22. Rfc1 Rc3 23. Qd2 Rac8 24. Bf1 Bf8 25. Kg2 R8c7 26. Be2 Nb4 27. Bxb4 axb4
28. Rxc3 bxc3 29. Qc2 Qd8 30. b4 f5 31. f3 h5 32. a5 h4 33. g4 Qg5 34. Rg1 fxg4
35. hxg4 h3+ 36. Kh1 h2 37. Rg2 Rh7 38. Bd1 Qe3 39. Rxh2 Bh6 40. Kg2 Rc7 41.
Rh1 Bf4 42. Kf1 Bg3 43. Rh3 Be1 44. Rh2 Bd2 45. Be2 Rf7 46. Kg2 Qg5 47. Rh3 $11
Qe3 48. Kf1 Qf4 49. Kg2 Qe3 50. Kf1 Rc7 51. Qa4 Re7 52. b5 Be1 53. Rh2 Qd2 54.
a6 Bg3 55. axb7 Qe1+ 56. Kg2 Qf2+ 0-1

[Event "301st YMCA Spring B"]
[Site "Warsaw"]
[Date "2025.05.01"]
[Round "2"]
[White "Emmel, Bartosz"]
[Black "Kepa, Wojciech"]
[Result "1-0"]
[WhiteElo "1815"]
[BlackElo "1760"]
[PlyCount "75"]
[EventDate "2025.04.24"]
[EventType "tourn"]
[EventRounds "1"]
[EventCountry "POL"]
[SourceDate "2025.04.24"]

1. e4 c5 2. Nf3 e6 3. Nc3 Nc6 4. d4 cxd4 5. Nxd4 Qc7 6. Be3 a6 7. Be2 b5 8. O-O
Bb7 9. f4 Bc5 10. Kh1 Nxd4 11. Bxd4 Nf6 12. Bf3 Bxd4 13. Qxd4 Qxf4 14. Bh5 Qg5
15. Bxf7+ Ke7 16. Rad1 Rhd8 17. Bg8 d6 18. Qb6 Rd7 19. Rxd6 Rxg8 20. Rxd7+ Nxd7
21. Qxb7 Rf8 22. Rd1 Qd2 23. h3 Qxd1+ 24. Nxd1 Rf1+ 25. Kh2 Rxd1 26. Qxa6 b4
27. Qc4 Ne5 28. Qxb4+ Kf6 29. Qf8+ Nf7 30. h4 e5 31. Kg3 Rf1 32. a4 Rf4 33. Qb4
g5 34. h5 Kg7 35. a5 g4 36. a6 Ng5 37. a7 Nxe4+ 38. Qxe4 1-0

[Event "301st YMCA Spring B"]
[Site "Warsaw"]
[Date "2025.04.30"]
[Round "2"]
[White "Kania, Tomasz"]
[Black "Kurowski, Andrzej"]
[Result "1/2-1/2"]
[WhiteElo "1787"]
[BlackElo "1763"]
[PlyCount "77"]
[EventDate "2025.04.24"]
[EventType "tourn"]
[EventRounds "1"]
[EventCountry "POL"]
[SourceDate "2025.04.24"]

1. c4 f5 2. g3 Nf6 3. Bg2 g6 4. d4 Bg7 5. Nf3 O-O 6. O-O d6 7. Nc3 Qe8 8. d5 a5
9. Be3 Na6 10. Qd2 e5 11. dxe6 Bxe6 12. Ng5 c6 13. b3 Rd8 14. Bb6 Rd7 15. Bxa5
Nc5 16. Rad1 h6 17. Nxe6 Qxe6 18. Bb4 Nfe4 19. Nxe4 Nxe4 20. Bxe4 fxe4 21. e3
Rf5 22. Qe2 Rf3 23. Rd2 Qh3 24. Rfd1 Rdf7 25. Qf1 Qf5 26. Bxd6 h5 27. Qg2 Rd7
28. Bb4 Rxd2 29. Rxd2 Qe5 30. Qf1 h4 31. Bd6 Qa5 32. Qd1 Qf5 33. Bc7 Kh7 34.
Bf4 g5 35. Bc7 Bc3 36. Rc2 Bg7 37. Rd2 Bc3 38. Rc2 Bg7 39. Rd2 1/2-1/2

[Event "301st YMCA Spring B"]
[Site "Warsaw"]
[Date "2025.05.02"]
[Round "2"]
[White "Sucharski, Jakub"]
[Black "Pietrzak, Wojciech"]
[Result "1/2-1/2"]
[WhiteElo "1786"]
[BlackElo "1849"]
[PlyCount "143"]
[EventDate "2025.04.24"]
[EventType "tourn"]
[EventRounds "1"]
[EventCountry "POL"]
[SourceDate "2025.04.24"]

1. d4 d5 2. c4 e6 3. Nc3 c5 4. cxd5 exd5 5. Nf3 Nc6 6. Bf4 Be6 7. e3 a6 8. Be2
Nf6 9. O-O Be7 10. dxc5 Bxc5 11. Rc1 Ba7 12. Na4 O-O 13. Bxa6 bxa6 14. Rxc6 Bd7
15. Rc1 Bb5 16. Re1 Ne4 17. Nc3 Nc5 18. Nxb5 axb5 19. Nd4 Qb6 20. Nf5 Qf6 21.
Bd6 Ne4 22. Qxd5 Nxd6 23. Nxd6 Rad8 24. Red1 Bb8 25. Rc6 Qxb2 26. g3 Rxd6 27.
Rxd6 Bxd6 28. Qxd6 Qxa2 29. Qb6 Qb3 30. Rd7 Qb1+ 31. Kg2 Qe4+ 32. Kf1 Qb1+ 33.
Ke2 Qc2+ 34. Rd2 Qc4+ 35. Kf3 h5 36. Rd4 Qb3 37. Qc5 g6 38. Rb4 Qd1+ 39. Kg2
Rb8 40. Rxb5 Rxb5 41. Qxb5 Qc2 42. Qd5 Kg7 43. e4 Qe2 44. Qe5+ Kg8 45. Qf4 Qc4
46. g4 hxg4 47. Qxg4 Kf8 48. Kg3 Qc3+ 49. Qf3 Qe5+ 50. Qf4 Qc3+ 51. Kh4 Qh8+
52. Kg4 Qh5+ 53. Kg3 Qc5 54. Qf6 Kg8 55. h4 Qa3+ 56. Kg2 Qd3 57. Qe5 Qd1 58.
Qg5 Qd4 59. Qg4 Qe5 60. h5 Qxh5 61. Qxh5 gxh5 62. Kg3 Kg7 63. Kh4 Kg6 64. f4
Kh6 65. Kg3 Kg6 66. Kh3 Kf6 67. Kh4 Kg6 68. f5+ Kf6 69. Kxh5 Ke5 70. Kh6 Kxe4
71. Kg7 Kxf5 72. Kxf7 1/2-1/2

[Event "301st YMCA Spring B"]
[Site "Warsaw"]
[Date "2025.05.08"]
[Round "3"]
[White "Kurowski, Andrzej"]
[Black "Sucharski, Jakub"]
[Result "0-1"]
[WhiteElo "1763"]
[BlackElo "1786"]
[PlyCount "82"]
[EventDate "2025.04.24"]
[EventType "tourn"]
[EventRounds "1"]
[EventCountry "POL"]
[SourceDate "2025.04.24"]

1. Nf3 d5 2. d4 Nf6 3. c4 e6 4. Nc3 Be7 5. Bg5 O-O 6. e3 b6 7. cxd5 Nxd5 8.
Bxe7 Qxe7 9. Nxd5 exd5 10. Bd3 Bb7 11. O-O Nd7 12. Qc2 Nf6 13. Rac1 c6 14. Ne5
c5 15. Qa4 Rfd8 16. Bb1 Ne4 17. Rfd1 Qh4 18. Qc2 Rac8 19. Nf3 Qh5 20. Qa4 a6
21. dxc5 Nxc5 22. Qd4 Rc6 23. Qh4 Qxh4 24. Nxh4 Rcd6 25. Nf5 R6d7 26. Nd4 g6
27. b4 Ne4 28. f3 Nd6 29. Bd3 b5 30. Nb3 Nc4 31. Kf2 Rd6 32. Nc5 Bc8 33. e4
dxe4 34. fxe4 Bg4 35. Nb7 Rxd3 36. Re1 R8d4 37. Nc5 Rd1 38. Nxa6 Rxc1 39. Rxc1
Rxe4 40. h3 Re2+ 41. Kf1 Ne3+ 0-1

[Event "301st YMCA Spring B"]
[Site "Warsaw"]
[Date "2025.05.16"]
[Round "3"]
[White "Bobinski, Lukasz"]
[Black "Emmel, Bartosz"]
[Result "1-0"]
[WhiteElo "1854"]
[BlackElo "1815"]
[PlyCount "85"]
[EventDate "2025.04.24"]
[EventType "tourn"]
[EventRounds "1"]
[EventCountry "POL"]
[SourceDate "2025.04.24"]

1. Nf3 Nf6 2. c4 g6 3. Nc3 Bg7 4. e4 d6 5. d4 O-O 6. Be2 c5 7. O-O Bg4 8. d5 e6
9. Bf4 exd5 10. cxd5 Re8 11. Nd2 Bxe2 12. Qxe2 a6 13. a4 Nh5 14. Be3 Nd7 15. a5
Nhf6 16. h3 b5 17. axb6 Qxb6 18. Nc4 Qb8 19. Bf4 Bf8 20. Ra3 Qc7 21. Rfa1 Nb6
22. Nxb6 Qxb6 23. Rxa6 Qb7 24. Rxa8 Rxa8 25. Rxa8 Qxa8 26. Qb5 Nh5 27. Be3 Bg7
28. Qb6 Qa1+ 29. Kh2 Be5+ 30. g3 Qe1 31. Qd8+ Kg7 32. Qg5 Qa1 33. Bc1 Nf6 34.
Qd2 Qa5 35. Qc2 Qb4 36. Bd2 h5 37. f4 Bd4 38. Ne2 Qxb2 39. Nxd4 Qxd4 40. Bc3
Qe3 41. Qb2 h4 42. Bxf6+ Kh7 43. Bxh4 1-0

[Event "301st YMCA Spring B"]
[Site "Warsaw"]
[Date "2025.05.08"]
[Round "3"]
[White "Pettersson , Alexander"]
[Black "Zajaczkowski, Lukasz"]
[Result "1/2-1/2"]
[WhiteElo "1837"]
[BlackElo "1750"]
[PlyCount "128"]
[EventDate "2025.04.24"]
[EventType "tourn"]
[EventRounds "1"]
[EventCountry "POL"]
[SourceDate "2025.04.24"]

1. d4 Nf6 2. c4 e6 3. Nf3 Bb4+ 4. Nbd2 b6 5. a3 Bxd2+ 6. Bxd2 Bb7 7. Bg5 d6 8.
e3 Nbd7 9. Be2 h6 10. Bh4 Qe7 11. O-O g5 12. Bg3 h5 13. h4 Ne4 14. hxg5 Nxg3
15. fxg3 O-O-O 16. a4 f6 17. a5 fxg5 18. axb6 axb6 19. Ra7 Rdf8 20. Qa4 g4 21.
Nh4 Rxf1+ 22. Bxf1 Rf8 23. c5 Rxf1+ 24. Kxf1 dxc5 25. Qc2 Qf6+ 26. Qf2 Qxf2+
27. Kxf2 Be4 28. Ra1 c4 29. Rc1 $11 b5 30. Nf3 gxf3 31. gxf3 Bd3 32. Rh1 Bg6
33. Ke1 c5 34. Kd2 cxd4 35. exd4 Nf6 36. g4 Kd7 37. gxh5 Bxh5 38. Ke3 Kd6 39.
Rg1 Nd5+ 40. Kf2 b4 41. Rg5 Be8 42. Ke2 c3 43. bxc3 bxc3 44. Kd3 Bg6+ 45. Ke2
Bf5 46. Rg8 Nf4+ 47. Ke3 Nd5+ 48. Ke2 c2 49. Kd2 Ne7 50. Rd8+ Kc7 51. Ra8 Nc6
52. Ra4 Kd6 53. Rc4 Ne7 54. Rc5 Ng6 55. Ke3 Ne7 56. Kd2 Nc6 57. Rc4 Bg6 58. Kc1
Na5 59. Rc3 Ke7 60. Kb2 Nb7 61. Rc7+ Kd6 62. Rxb7 Kd5 63. Rb6 Bf5 64. Rb4 Bg6
$11 1/2-1/2

[Event "301st YMCA Spring B"]
[Site "Warsaw"]
[Date "2025.05.01"]
[Round "3"]
[White "Kasperski, Marcin"]
[Black "Pichurko, Jakub"]
[Result "1-0"]
[WhiteElo "1707"]
[BlackElo "1726"]
[PlyCount "131"]
[EventDate "2025.04.24"]
[EventType "tourn"]
[EventRounds "1"]
[EventCountry "POL"]
[SourceDate "2025.04.24"]

1. c4 e6 2. g3 d5 3. Bg2 Nf6 4. Nf3 Be7 5. Qc2 c6 6. O-O O-O 7. d3 Nbd7 8. a3
a5 9. b3 b5 10. cxb5 cxb5 11. Bb2 Bb7 12. Rc1 Rc8 13. Qd1 Rxc1 14. Qxc1 Qb6 15.
Bd4 Bc5 16. Qb2 b4 17. axb4 axb4 18. Nbd2 Ra8 19. Rc1 Rc8 20. e3 h6 21. Bxf6
Nxf6 22. d4 Bd6 23. Rxc8+ Bxc8 24. Qc2 Ba6 25. Bf1 Bxf1 26. Kxf1 Qc7 27. Qxc7
Bxc7 28. Ne1 Kf8 29. Nd3 Ke8 30. Ke2 Bd6 31. h3 Nd7 32. g4 g5 33. f3 f6 34. e4
Kf7 35. exd5 exd5 36. Nf1 Ke6 37. Ne3 Bf8 38. Nc2 f5 39. Ndxb4 Nb6 40. Nd3 Nd7
41. Ne3 fxg4 42. hxg4 Be7 43. Nf5 Bf8 44. Nf2 h5 45. Nh3 hxg4 46. fxg4 Kf6 47.
Ng1 Kg6 48. Nf3 Kf6 49. Kd3 Bb4 50. Ne3 Nb6 51. Nc2 Be7 52. Kc3 Ke6 53. Ne3 Bf6
54. Kb4 Nc8 55. Kc5 Be7+ 56. Kc6 Na7+ 57. Kb6 Nc8+ 58. Kc7 Na7 59. Nf5 Bf6 60.
Kb6 Nc8+ 61. Kb7 Nd6+ 62. Nxd6 Kxd6 63. b4 Kd7 64. b5 Bg7 65. b6 Bf6 66. Ka8
1-0

[Event "301st YMCA Spring B"]
[Site "Warsaw"]
[Date "2025.05.15"]
[Round "4"]
[White "Zajaczkowski, Lukasz"]
[Black "Kasperski, Marcin"]
[Result "1/2-1/2"]
[WhiteElo "1750"]
[BlackElo "1707"]
[PlyCount "130"]
[EventDate "2025.04.24"]
[EventType "tourn"]
[EventRounds "1"]
[EventCountry "POL"]
[SourceDate "2025.04.24"]

1. c4 Nf6 2. Nc3 d5 3. e3 g6 4. Nf3 Bg7 5. b3 O-O 6. Bb2 c5 7. cxd5 Nxd5 8. d4
Nc6 9. Nxd5 Qxd5 10. Bc4 Qd8 11. O-O Bf5 12. Qe2 cxd4 13. exd4 Bg4 14. Rfd1 Qc7
15. h3 Bxf3 16. Qxf3 e6 17. Rac1 Qb6 18. Ba3 Nxd4 19. Qe4 Rfd8 20. Be7 Rd7 21.
Bg5 Qa5 22. Be3 Rad8 23. a4 a6 24. Kh1 Qf5 25. Qxf5 Nxf5 26. Rxd7 Rxd7 27. Bb6
Ne7 28. b4 Bb2 29. Re1 Nd5 30. Bc5 Kg7 31. g3 Bc3 32. Rb1 g5 33. Rb3 Be5 34.
Kg2 h5 35. a5 f5 36. Rb1 Kf6 37. Re1 g4 38. hxg4 hxg4 39. Rh1 Bc3 40. Rb1 Ne7
41. Rh1 Ng6 42. Rh6 e5 43. Rh1 Bd4 44. Rd1 Ne7 45. b5 axb5 46. Bxb5 Rd5 47.
Bxe7+ Kxe7 48. Rb1 Rc5 49. Bd3 Kf6 50. Rxb7 Rxa5 51. Be2 e4 52. Rb5 Ra2 53. Kf1
Ra1+ 54. Kg2 Re1 55. Bc4 Rc1 56. Be2 $11 Rc2 57. Kf1 e3 58. Rxf5+ Kxf5 59. Bd3+
Ke5 60. Bxc2 exf2 61. Bd3 Be3 62. Kg2 Bb6 63. Be2 Kf5 64. Bd3+ Kg5 65. Kf1 Bc5
$11 1/2-1/2

[Event "301st YMCA Spring B"]
[Site "Warsaw"]
[Date "2025.05.15"]
[Round "4"]
[White "Emmel, Bartosz"]
[Black "Pettersson , Alexander"]
[Result "0-1"]
[WhiteElo "1815"]
[BlackElo "1837"]
[PlyCount "95"]
[EventDate "2025.04.24"]
[EventType "tourn"]
[EventRounds "1"]
[EventCountry "POL"]
[SourceDate "2025.04.24"]

1. e4 c6 2. d4 d5 3. Nc3 a6 4. h4 dxe4 5. Nxe4 Nf6 6. Ng3 c5 7. dxc5 Qxd1+ 8.
Kxd1 Nc6 9. c3 e5 10. b4 Be6 11. Kc2 Be7 12. Bd2 O-O 13. Nf3 Ng4 14. Be1 h6 15.
a4 f5 16. Nd2 Rad8 17. Be2 Nf6 18. Nb3 f4 19. Nf1 Rd7 20. Nfd2 Rfd8 21. Nc4 e4
22. Nb6 Rc7 23. Bc4 Kf7 24. Bd2 g5 25. hxg5 hxg5 26. Bxe6+ Kxe6 27. g3 e3 28.
fxe3 fxg3 29. Rhf1 g2 30. Rxf6+ Bxf6 31. Rg1 Rh7 32. Rxg2 Kf5 33. Nd4+ Nxd4+
34. cxd4 Ke4 35. Nc4 Kf3 36. Rg1 Kf2 37. Rd1 g4 38. Nd6 Rxd6 39. cxd6 Rd7 40.
Kd3 Rxd6 41. Be1+ Kf3 42. Bc3 g3 43. e4 g2 44. Kc4 Kxe4 45. b5 axb5+ 46. axb5
Kf3 47. Bb4 Rxd4+ 48. Rxd4 0-1

[Event "301st YMCA Spring B"]
[Site "Warsaw"]
[Date "2025.05.14"]
[Round "4"]
[White "Kania, Tomasz"]
[Black "Bobinski, Lukasz"]
[Result "0-1"]
[WhiteElo "1787"]
[BlackElo "1854"]
[PlyCount "198"]
[EventDate "2025.04.24"]
[EventType "tourn"]
[EventRounds "1"]
[EventCountry "POL"]
[SourceDate "2025.04.24"]

1. d4 Nf6 2. Nf3 e6 3. c4 c5 4. d5 d6 5. Nc3 exd5 6. cxd5 g6 7. e4 a6 8. a4 Bg4
9. h3 Bxf3 10. Qxf3 Bg7 11. Be2 Nbd7 12. O-O O-O 13. Qg3 Re8 14. Qxd6 Nxe4 15.
Nxe4 Rxe4 16. Bf3 Be5 17. Qxd7 Qxd7 18. Bxe4 Re8 19. Bf3 h5 20. Rd1 c4 21. Ra2
Bd6 22. Be3 Qf5 23. Raa1 Qe5 24. g3 Qf5 25. Kg2 h4 26. Bg4 Qe4+ 27. Bf3 Qe7 28.
Re1 Qf6 29. Rad1 hxg3 30. Bd4 Qd8 31. fxg3 Kf8 32. Rxe8+ Qxe8 33. a5 Qd8 34.
Bb6 Qg5 35. Bf2 Qe5 36. Rd4 Bc5 37. Rd2 Bb4 38. Re2 Qf6 39. Be3 Bxa5 40. Bh6+
Kg8 41. Bf4 Kh7 42. d6 b5 43. Be5 Qd8 44. Bd5 Bb4 45. Bxf7 Bxd6 46. Bc3 Qa8+
47. Kh2 Qf3 48. Bxg6+ Kxg6 49. Re6+ Kf7 50. Rxd6 Qf2+ 51. Kh1 Qf1+ 52. Kh2 Qf2+
53. Kh1 Qxg3 54. Rxa6 Qxh3+ 55. Kg1 Qe3+ 56. Kf1 Qc5 57. Ra5 Ke6 58. Ke2 Kd5
59. Ra8 Qe7+ 60. Kd1 Ke4 61. Kc2 Qd7 62. Rh8 Ke3 63. Rh2 Qd3+ 64. Kc1 Qf1+ 65.
Kc2 Qf5+ 66. Kc1 Qg4 67. Rd2 Qg1+ 68. Rd1 Qg6 69. Re1+ Kf3 70. Re5 Qb6 71. Bb4
Qh6+ 72. Bd2 Qg6 73. Re3+ $11 Kf2 74. Ra3 Qd6 75. Ra8 Qd5 76. Rf8+ Ke2 77. Re8+
Kf3 78. Re3+ Kf2 79. Rh3 Qd6 80. Rh4 Qc5 81. Rf4+ Ke2 82. Re4+ Kf3 83. Rf4+ Ke2
84. Re4+ Kd3 85. Rg4 b4 86. Rg3+ Ke2 87. Rg2+ Kf3 88. Rg5 Qb6 89. Rf5+ Ke4 90.
Rf4+ Kd3 91. Rf3+ Ke2 92. Rg3 Qf2 93. Re3+ Qxe3 94. Bxe3 Kxe3 95. Kc2 Ke2 96.
Kc1 b3 97. Kb1 Kd2 98. Ka1 c3 99. bxc3 Kc2 0-1

[Event "301st YMCA Spring B"]
[Site "Warsaw"]
[Date "2025.06.04"]
[Round "4"]
[White "Sucharski, Jakub"]
[Black "Kepa, Wojciech"]
[Result "0-1"]
[WhiteElo "1786"]
[BlackElo "1760"]
[PlyCount "62"]
[EventDate "2025.04.24"]
[EventType "tourn"]
[EventRounds "1"]
[EventCountry "POL"]
[SourceDate "2025.04.24"]

1. d4 Nf6 2. c4 e6 3. Nc3 Bb4 4. Nf3 b6 5. Qc2 Bb7 6. Bg5 O-O 7. e3 d6 8. Bd3
h6 9. Bh4 c5 10. dxc5 Bxc5 11. O-O-O Qe7 12. Be4 Bxe4 13. Nxe4 Nbd7 14. Nxf6+
Nxf6 15. Qc3 Rac8 16. b4 g5 17. Bg3 Nd5 18. Rxd5 exd5 19. Kb2 Bxb4 20. Qxb4
Rxc4 21. Qxd6 Qe4 22. Qf6 Rfc8 23. Be5 Rc2+ 24. Ka1 Rc1+ 25. Rxc1 Rxc1+ 26. Kb2
Qc2+ 27. Ka3 Qd3+ 28. Ka4 Rc4+ 29. Kb5 Rc5+ 30. Ka4 Ra5+ 31. Kb4 Qc4# 0-1

[Event "301st YMCA Spring B"]
[Site "Warsaw"]
[Date "2025.05.13"]
[Round "4"]
[White "Pietrzak, Wojciech"]
[Black "Kurowski, Andrzej"]
[Result "1-0"]
[WhiteElo "1849"]
[BlackElo "1763"]
[PlyCount "89"]
[EventDate "2025.04.24"]
[EventType "tourn"]
[EventRounds "1"]
[EventCountry "POL"]
[SourceDate "2025.04.24"]

1. e4 e6 2. d4 d5 3. Nc3 Nf6 4. e5 Nfd7 5. f4 c5 6. Nf3 Nc6 7. Be3 Qb6 8. Qd2
cxd4 9. Nxd4 Bc5 10. O-O-O f6 11. Na4 Qb4 12. Nxc5 Nxc5 13. Nxc6 Qxd2+ 14. Rxd2
Ne4 15. Nd4 Nxd2 16. Kxd2 fxe5 17. fxe5 O-O 18. Bd3 Bd7 19. Nf3 Bc6 20. Nd4 Bd7
21. h4 Rac8 22. Rh3 a6 23. Rg3 Kh8 24. Nf3 h6 25. Nd4 Rce8 26. Rg6 b5 27. c3
Re7 28. Nb3 Rb8 29. Bc5 Ree8 30. Bd6 Ra8 31. Nc5 Bc8 32. Rg3 Ra7 33. Rf3 Kg8
34. Bg6 Rd8 35. Ke3 a5 36. Bb8 Ra8 37. Bf7+ Kh8 38. Bc7 Rf8 39. Bd6 Rd8 40. Be7
d4+ 41. cxd4 Rd5 42. Be8 Ra7 43. Rf8+ Kh7 44. h5 g5 45. Bf6 1-0

[Event "301st YMCA Spring B"]
[Site "Warsaw"]
[Date "2025.05.23"]
[Round "5"]
[White "Kepa, Wojciech"]
[Black "Pietrzak, Wojciech"]
[Result "1/2-1/2"]
[WhiteElo "1760"]
[BlackElo "1849"]
[PlyCount "114"]
[EventDate "2025.04.24"]
[EventType "tourn"]
[EventRounds "1"]
[EventCountry "POL"]
[SourceDate "2025.04.24"]

1. d4 d5 2. c4 dxc4 3. Qa4+ c6 4. Qxc4 b5 5. Qc3 Nf6 6. Nf3 Bb7 7. Bg5 Ne4 8.
Qc1 Nxg5 9. Qxg5 Nd7 10. g3 e6 11. Qxd8+ Kxd8 12. Bg2 Bb4+ 13. Nbd2 c5 14. dxc5
Nxc5 15. O-O Bxd2 16. Rfd1 Ke7 17. Rxd2 Rhd8 18. Rad1 a6 19. Ne5 Bxg2 20. Kxg2
Rxd2 21. Rxd2 f5 22. b4 Na4 23. Rd7+ Kf8 24. Rf7+ Kg8 25. Rc7 h6 26. Rc6 a5 27.
Rxe6 axb4 28. Nd3 Nc3 29. Nxb4 Ra4 30. Re3 Nxa2 31. Nxa2 Rxa2 32. Re5 b4 33.
Rxf5 Rxe2 34. Rb5 Rb2 35. h4 Kf7 36. Rb7+ Kf6 37. h5 Rb1 38. Kf3 b3 39. Rb6+
Ke5 40. Ke3 b2 41. Rb5+ Kf6 42. Kf3 Ke6 43. g4 Kf6 44. Kf4 g5+ 45. hxg6 Kxg6
46. Rb6+ Kf7 47. Kf5 Ke7 48. f4 Kd7 49. Rb3 Ke7 50. Rb7+ Kd6 51. Rb3 Ke7 52.
Rb4 Kd6 53. Rb6+ Ke7 54. Rb7+ Kd6 55. Kg6 Rg1 56. Rxb2 Rxg4+ 57. Kxh6 Rxf4 $11
1/2-1/2

[Event "301st YMCA Spring B"]
[Site "Warsaw"]
[Date "2025.05.22"]
[Round "5"]
[White "Bobinski, Lukasz"]
[Black "Sucharski, Jakub"]
[Result "1-0"]
[WhiteElo "1854"]
[BlackElo "1786"]
[PlyCount "67"]
[EventDate "2025.04.24"]
[EventType "tourn"]
[EventRounds "1"]
[EventCountry "POL"]
[SourceDate "2025.04.24"]

1. Nf3 d5 2. e3 c5 3. c4 d4 4. exd4 cxd4 5. d3 Nc6 6. g3 e5 7. Bg2 f5 8. O-O
Nf6 9. Re1 Bd6 10. Nxe5 Nxe5 11. f4 Qe7 12. fxe5 Bb4 13. Re2 Ng4 14. a3 Bc5 15.
h3 Nh6 16. b4 Bb6 17. c5 Bc7 18. Nd2 O-O 19. Nc4 Nf7 20. Nd6 Rb8 21. Bb2 Bxd6
22. exd6 Qg5 23. Qe1 f4 24. Bc1 Qg6 25. Bxf4 Qxd3 26. Re7 Bf5 27. Bd5 Rbd8 28.
Qd2 Qxd2 29. Bxd2 b6 30. Rf1 Bg6 31. d7 bxc5 32. bxc5 Bh5 33. c6 g5 34. c7 1-0

[Event "301st YMCA Spring B"]
[Site "Warsaw"]
[Date "2025.05.21"]
[Round "5"]
[White "Pettersson , Alexander"]
[Black "Kania, Tomasz"]
[Result "1/2-1/2"]
[WhiteElo "1837"]
[BlackElo "1787"]
[PlyCount "59"]
[EventDate "2025.04.24"]
[EventType "tourn"]
[EventRounds "1"]
[EventCountry "POL"]
[SourceDate "2025.04.24"]

1. d4 Nf6 2. Nf3 e6 3. e3 b6 4. Bd3 Bb7 5. O-O Be7 6. c4 c5 7. Nc3 d5 8. cxd5
exd5 9. b3 Nc6 10. Ba3 O-O 11. dxc5 bxc5 12. Na4 Nb4 13. Bxb4 cxb4 14. Nd4 Ne4
15. f3 Nc5 16. Nxc5 Bxc5 17. Bxh7+ Kh8 18. Bc2 Re8 19. Qd3 g6 20. Rfe1 Qf6 21.
Rad1 Rac8 $11 22. Bb1 Bb6 23. Kh1 Rc3 24. Qd2 Kg7 25. Rc1 Rec8 26. Rxc3 Rxc3
27. Nb5 Rc5 28. Nd4 Rc3 29. Nb5 Rc5 30. Nd4 $11 1/2-1/2